00660nam a2200169 i 450000100060000000300090000600500170001500700030003200800410003511100700007624501830014626000580032930000220038765000220040971000380043185200210046926362ES-MaACL20250826083347.0t|030109s1933 sz ||||1| fre d2 aConferencia Internacional del Trabajo (n17ª. d1933. cGinebra)10aAssurance-chômage et diverses formes d'assistance aux chômeurs... :bpremière discussion / cConférence internationale du Travail, dix-septième session, Genève, 1933. aGenève : bBureau international du Travail, c1933. a320 p. ; c24 cm. 4aSubsidio de paro.1 aOficina Internacional del Trabajo aES-MaACLjA-1489